[Event "Det åpne NM i hurtigsjakk"]
[Site "Fredrikstad"]
[Date "2012.01.08"]
[Round "8"]
[White "Urkedal, Frode"]
[Black "Miezis, Normunds"]
[Result "1/2-1/2"]
[WhiteElo "2453"]
[BlackElo "2497"]
[PlyCount "142"]
[EventDate "2012.??.??"]
[EventType "rapid"]
[EventCountry "NOR"]

1. d4 Nf6 2. c4 e6 3. Nc3 Bb4 4. e3 c5 5. Nf3 O-O 6. Bd3 cxd4 7. exd4 d5 8. O-O
dxc4 9. Bxc4 b6 10. Bg5 Bb7 11. Qe2 Be7 12. Rfe1 Nbd7 13. Rad1 Re8 14. Ne5 Nxe5
15. dxe5 Nd5 16. Bxd5 exd5 17. Bxe7 Rxe7 18. f4 f6 19. Qb5 fxe5 20. Nxd5 Bxd5
21. Rxd5 Qe8 22. Rexe5 Rxe5 23. Rxe5 Qxb5 24. Rxb5 Rd8 25. Kf2 Rd2+ 26. Kf3 Kf7
27. h4 h5 28. a4 g6 29. b3 Rd3+ 30. Ke2 Rg3 31. Kf2 Rc3 32. f5 gxf5 33. Rxf5+
Kg6 34. Rg5+ Kh6 35. Rg3 Rc2+ 36. Ke3 Rc3+ 37. Kf4 Rc2 38. Ke5 Re2+ 39. Kd5 Rc2
40. Kd6 Rc8 41. Rf3 Kg6 42. g3 Rc1 43. Kd5 Rc5+ 44. Kd4 Rc8 45. b4 Rd8+ 46. Kc4
a6 47. b5 Rc8+ 48. Kb3 axb5 49. axb5 Rc5 50. Kb4 Re5 51. Rf8 Re4+ 52. Kc3 Re5
53. Kc4 Rc5+ 54. Kb4 Re5 55. Rc8 Kf5 56. Rc6 Re4+ 57. Kb3 Kg4 58. Rxb6 Kxg3 59.
Rg6+ Kxh4 60. b6 Re7 61. Kb4 Kh3 62. Kb5 h4 63. Rc6 Kg2 64. Rg6+ Kf3 65. Rf6+
Kg3 66. Rg6+ Kf3 67. Kc6 h3 68. b7 Rxb7 69. Kxb7 h2 70. Rh6 Kg2 71. Rxh2+ Kxh2
1/2-1/2

[Event "Det åpne NM i hurtigsjakk"]
[Site "Fredrikstad"]
[Date "2012.01.08"]
[Round "8"]
[White "Fossan, Erik"]
[Black "Aulin-Jansson, Jøran"]
[Result "1-0"]
[WhiteElo "2299"]
[BlackElo "2168"]
[PlyCount "69"]
[EventDate "2012.??.??"]
[EventType "rapid"]
[EventCountry "NOR"]

1. e4 c5 2. c3 Nf6 3. e5 Nd5 4. d4 d6 5. Nf3 Bg4 6. Bb5+ Bd7 7. Bc4 Bc6 8. O-O
e6 9. Nbd2 cxd4 10. cxd4 Nd7 11. Ne4 dxe5 12. dxe5 Qc7 13. Qd4 Qb6 14. Qxb6
N7xb6 15. Bb3 h6 16. Nd4 Bd7 17. f4 g6 18. a4 a5 19. Bd2 Be7 20. h3 O-O 21. g4
Rfc8 22. f5 g5 23. fxe6 fxe6 24. Nf6+ Bxf6 25. exf6 Nc4 26. Bc1 Kf7 27. Nf3 Kf8
28. Bxc4 Rxc4 29. Ne5 Rc7 30. h4 Nf4 31. Bxf4 gxf4 32. Rxf4 Rac8 33. Raf1 Be8
34. f7 Rc5 35. Ng6+ 1-0

[Event "Det åpne NM i hurtigsjakk"]
[Site "Fredrikstad"]
[Date "2012.01.08"]
[Round "8"]
[White "Mihajlov, Svetoslav"]
[Black "Harstad, Christian"]
[Result "1-0"]
[WhiteElo "2043"]
[BlackElo "1910"]
[PlyCount "67"]
[EventDate "2012.??.??"]
[EventType "rapid"]
[EventCountry "NOR"]

1. d4 f5 2. Bg5 g6 3. Nc3 Bg7 4. e3 Nh6 5. h4 Nf7 6. Bf4 d6 7. Bc4 e6 8. Nf3 c6
9. h5 g5 10. h6 Bf6 11. Bg3 Qe7 12. Qe2 d5 13. Bd3 Nd7 14. O-O-O b6 15. Nd2 a6
16. Qh5 c5 17. Bxf5 exf5 18. Nxd5 Qd8 19. Bc7 O-O 20. Bxd8 Bxd8 21. dxc5 Nxc5
22. Nc4 b5 23. Ncb6 Rb8 24. Nxc8 Rxc8 25. f3 Rc6 26. Qh2 a5 27. Qb8 b4 28. Kb1
Nd6 29. Nxb4 Rb6 30. Qxb6 Bxb6 31. Rxd6 Bd8 32. Nd5 a4 33. Rd1 g4 34. Rxd8 1-0

[Event "Det åpne NM i hurtigsjakk"]
[Site "Fredrikstad"]
[Date "2012.01.08"]
[Round "9"]
[White "Hammer, Jon Ludvig"]
[Black "Mihajlov, Svetoslav"]
[Result "0-1"]
[WhiteElo "2621"]
[BlackElo "2043"]
[PlyCount "67"]
[EventDate "2012.??.??"]
[EventType "rapid"]
[EventCountry "NOR"]

1. d4 Nf6 2. c4 e6 3. Nc3 Bb4 4. Nf3 c5 5. g3 Nc6 6. Bg2 O-O 7. O-O cxd4 8.
Nxd4 a6 9. Nc2 Be7 10. Bf4 d6 11. Qd2 Ne5 12. b3 Ng6 13. Be3 Ng4 14. Bd4 e5 15.
Be3 Rb8 16. Nd5 Nxe3 17. Ncxe3 Bg5 18. Rad1 b5 19. f4 exf4 20. gxf4 Bh6 21. Qd4
Re8 22. f5 Ne5 23. f6 Nc6 24. Qh4 Rxe3 25. Nxe3 Bxe3+ 26. Kh1 Bb7 27. Rd3 Bh6
28. Rg3 Kh8 29. Be4 Na5 30. Bxb7 Nxb7 31. Qh5 Qe8 32. fxg7+ Bxg7 33. Rxf7 Qe5
34. Qf3 {Svart vant på tid.} 0-1

[Event "Det åpne NM i hurtigsjakk"]
[Site "Fredrikstad"]
[Date "2012.01.08"]
[Round "9"]
[White "Fossan, Erik"]
[Black "Urkedal, Frode"]
[Result "1/2-1/2"]
[WhiteElo "2299"]
[BlackElo "2453"]
[PlyCount "78"]
[EventDate "2012.??.??"]
[EventType "rapid"]
[EventCountry "NOR"]

1. e4 e5 2. Nf3 Nc6 3. Bc4 Nf6 4. Ng5 d5 5. exd5 Na5 6. d3 h6 7. Nf3 e4 8. Qe2
Nxc4 9. dxc4 Bc5 10. Nfd2 O-O 11. Nb3 Bg4 12. Qf1 Bb4+ 13. c3 Bd6 14. h3 Bh5
15. Be3 Nd7 16. g4 Bg6 17. N1d2 Ne5 18. O-O-O a5 19. Qg2 a4 20. Nd4 Nd3+ 21.
Kb1 a3 22. b3 c6 23. h4 cxd5 24. h5 Bh7 25. g5 hxg5 26. Bxg5 e3 27. Ka1 Qa5 28.
Nb1 Be5 29. Bxe3 dxc4 30. bxc4 Qb6 31. Nb3 Nb4 32. Rd2 Qf6 33. Bd4 Nc2+ 34.
Rxc2 Bxc2 35. h6 Bxb3 36. axb3 Bxd4 37. Rh3 a2 38. hxg7 Qg6 39. Qxg6 fxg6
1/2-1/2

[Event "Det åpne NM i hurtigsjakk"]
[Site "Fredrikstad"]
[Date "2012.01.08"]
[Round "9"]
[White "Miezis, Normunds"]
[Black "Solberg, Joachim"]
[Result "1-0"]
[WhiteElo "2497"]
[BlackElo "2207"]
[PlyCount "63"]
[EventDate "2012.??.??"]
[EventType "rapid"]
[EventCountry "NOR"]

1. c4 e5 2. Nc3 Nf6 3. g3 d5 4. cxd5 Nxd5 5. Bg2 Nb6 6. Nf3 Nc6 7. Rb1 Be7 8.
b4 f6 9. a3 Be6 10. O-O O-O 11. d3 Qd7 12. Ne4 Rab8 13. Qc2 Rfd8 14. Be3 Nd4
15. Bxd4 exd4 16. Nc5 Qc8 17. Qb2 Bxc5 18. bxc5 Na4 19. Qc2 Nc3 20. Rb4 Bg4 21.
Nxd4 Rxd4 22. Qxc3 Rxb4 23. Qxb4 Bxe2 24. Re1 Bh5 25. d4 Bf7 26. d5 b6 27. c6
Qf8 28. d6 cxd6 29. c7 Rc8 30. Qc3 d5 31. Bh3 d4 32. Qc6 1-0

[Event "Det åpne NM i hurtigsjakk"]
[Site "Fredrikstad"]
[Date "2012.01.08"]
[Round "9"]
[White "Salomon, Johan"]
[Black "Haugli, Petter"]
[Result "1/2-1/2"]
[WhiteElo "2042"]
[BlackElo "2281"]
[PlyCount "84"]
[EventDate "2012.??.??"]
[EventType "rapid"]
[EventCountry "NOR"]

1. Nf3 Nf6 2. g3 d5 3. Bg2 c6 4. O-O Bf5 5. c4 e6 6. b3 h6 7. Bb2 Be7 8. d4 O-O
9. Ne5 Nbd7 10. Nd2 a5 11. a3 Qc7 12. Re1 Nxe5 13. dxe5 Nd7 14. e4 dxe4 15.
Bxe4 Bxe4 16. Rxe4 Nc5 17. Re3 Rfd8 18. Qc2 Rd7 19. Ne4 Rad8 20. Bc3 Nxe4 21.
Rxe4 Qb6 22. Kg2 Bc5 23. Ree1 Rd3 24. Re2 Qa6 25. Rd2 Rxd2 26. Bxd2 Qb6 27. Bc3
Bd4 28. Rd1 c5 29. Bxd4 cxd4 30. Qd3 Qc5 31. Qe4 b6 32. a4 g6 33. Rd3 Kg7 34.
Qf4 Rd7 35. Qf6+ Kg8 36. Qf4 Kh7 37. h4 h5 38. Qe4 Kg7 39. Qf4 Kg8 40. Qe4 Kg7
41. Qf4 Kg8 42. Qe4 Kg7 1/2-1/2

[Event "Det åpne NM i hurtigsjakk"]
[Site "Fredrikstad"]
[Date "2012.01.08"]
[Round "10"]
[White "Miezis, Normunds"]
[Black "Fossan, Erik"]
[Result "1-0"]
[WhiteElo "2497"]
[BlackElo "2299"]
[PlyCount "120"]
[EventDate "2012.??.??"]
[EventType "rapid"]
[EventCountry "NOR"]

1. c4 c5 2. Nc3 Nc6 3. g3 g6 4. Bg2 Bg7 5. a3 d6 6. Rb1 a5 7. d3 Nf6 8. e4 O-O
9. Nge2 Bg4 10. f3 Be6 11. O-O Ne8 12. Be3 Nc7 13. Bf2 Rb8 14. a4 f5 15. f4 Bf7
16. b3 Ne6 17. Nb5 Ned4 18. Nexd4 Nxd4 19. Nxd4 cxd4 20. exf5 gxf5 21. Be1 d5
22. c5 b5 23. cxb6 Qxb6 24. b4 axb4 25. Bxb4 Qa7 26. a5 Rb5 27. Bd2 Rfb8 28.
Rxb5 Rxb5 29. Re1 e6 30. Qc2 Bf8 31. Rb1 Be8 32. Rxb5 Bxb5 33. Qc8 Qa6 34. Qxa6
Bxa6 35. Bf1 Kf7 36. Kf2 Ke8 37. Ke2 Kd7 38. Bh3 h5 39. Bg2 Be7 40. h4 Bd6 41.
Bf3 e5 42. fxe5 Bxe5 43. Bf4 Bf6 44. Bxh5 Bd8 45. Bd2 Bc7 46. g4 fxg4 47. Bxg4+
Ke7 48. h5 Kf7 49. Bf5 Kf6 50. Bd7 Kg7 51. Bc6 Bc8 52. Bxd5 Kf6 53. Kf3 Ba6 54.
Be4 Kg7 55. h6+ Kh8 56. Bf4 Bxf4 57. Kxf4 Kg8 58. Ke5 Kh8 59. Kxd4 Kg8 60. Kc5
Bc8 1-0

[Event "Det åpne NM i hurtigsjakk"]
[Site "Fredrikstad"]
[Date "2012.01.08"]
[Round "10"]
[White "Urkedal, Frode"]
[Black "Mihajlov, Svetoslav"]
[Result "1/2-1/2"]
[WhiteElo "2453"]
[BlackElo "2043"]
[PlyCount "107"]
[EventDate "2012.??.??"]
[EventType "rapid"]
[EventCountry "NOR"]

1. d4 Nf6 2. c4 d6 3. Nf3 Bf5 4. g3 g6 5. Bg2 Qc8 6. Nc3 Ne4 7. Nxe4 Bxe4 8.
O-O Bg7 9. Qd2 Nc6 10. d5 Ne5 11. Qe3 Bxf3 12. exf3 Nxc4 13. Qe2 Nb6 14. Re1
Bf6 15. Bh6 Qd7 16. f4 O-O-O 17. a4 Kb8 18. a5 Nc8 19. a6 c5 20. dxc6 bxc6 21.
Rac1 d5 22. Qc2 Nb6 23. Qxc6 Qxc6 24. Rxc6 e6 25. f5 gxf5 26. Bf4+ Ka8 27. Rc7
Rd7 28. Rxd7 Nxd7 29. Rc1 Be5 30. Bxe5 Nxe5 31. Rc7 h5 32. f4 Nc4 33. Rxf7 Re8
34. b3 Nd6 35. Rh7 Kb8 36. Rxh5 Re7 37. Rh6 Kc7 38. h4 Ne4 39. Rg6 Kd6 40. h5
Rh7 41. h6 Nc5 42. b4 Nxa6 43. b5 Nc7 44. Bf1 Na8 45. Kf2 Nb6 46. Ke3 Nd7 47.
Kd4 Nf8 48. Rg7 Rxh6 49. Rxa7 Nd7 50. Ra6+ Kc7 51. Ra7+ Kd6 52. Ra6+ Kc7 53.
Ra7+ Kd6 54. Ra6+ 1/2-1/2

[Event "Det åpne NM i hurtigsjakk"]
[Site "Fredrikstad"]
[Date "2012.01.08"]
[Round "10"]
[White "Haugli, Petter"]
[Black "Hauge, Lars Oskar"]
[Result "1-0"]
[WhiteElo "2281"]
[BlackElo "2138"]
[PlyCount "93"]
[EventDate "2012.??.??"]
[EventType "rapid"]
[EventCountry "NOR"]

1. d4 Nf6 2. c4 c5 3. d5 b5 4. cxb5 a6 5. bxa6 g6 6. Nc3 Bxa6 7. Nf3 d6 8. e4
Bxf1 9. Kxf1 Bg7 10. g3 O-O 11. Kg2 Nbd7 12. Re1 Ng4 13. Nd2 Nge5 14. Qe2 Nb6
15. a4 e6 16. f4 Ned7 17. dxe6 fxe6 18. a5 g5 19. fxg5 Ne5 20. Ra3 Nbd7 21. Nc4
Nxc4 22. Qxc4 Qe7 23. Bf4 Ne5 24. Bxe5 Bxe5 25. a6 Bd4 26. Nd1 Kh8 27. h4 Qg7
28. Qxe6 Bxb2 29. Ra2 Be5 30. Ne3 Rae8 31. Qd5 Qc7 32. a7 Ra8 33. Rf1 Qe7 34.
Nc4 Kg7 35. Rxf8 Qxf8 36. Nxe5 dxe5 37. Qxe5+ Kg8 38. Qe6+ Kh8 39. Qf6+ Qxf6
40. gxf6 Kg8 41. e5 Kf7 42. Kf3 Ke6 43. Ke4 h5 44. Ra6+ Kf7 45. Kf5 c4 46. e6+
Kf8 47. Rb6 1-0